00371nam a2200145Ia 4500008004100000020001800041041000800059082001500067100002500082245002500107250000600132260006100138300001200199650001400211210716s2011 xx 000 0 und d a9780071332675 aeng a338.5 SCHB aSchiller, Bradley R. aMicro economy today. a1 aNew DelhibTata McGraw Hill Publishing Company Ltdc2011 a451,P43 aEconomics